Memoria de Gestión 1995, V Región, Valparaíso

Αποθηκεύτηκε σε:
Λεπτομέρειες βιβλιογραφικής εγγραφής
Συλλογικό Έργο: Gobierno Regional de Valparaíso (Συγγραφέας), Secretaría regional de Planificación y Coordinación (Συγγραφέας)
Μορφή: Βιβλίο
Γλώσσα:Ισπανικά
Έκδοση: Valparaíso Secretaría Regional de Planificación 1996
Έκδοση:1a. ed
Θέματα:
Ετικέτες: Προσθήκη ετικέτας
Δεν υπάρχουν, Καταχωρήστε ετικέτα πρώτοι!

MARC

LEADER 00000nam a2200000 a 4500
001 UCJ7184
003 CL-VaPUC
008 070124e19960430CL |||||||||||||||||spa|d
082 0 4 |a 983  |b GOB  |2 21 
110 2 |a Gobierno Regional de Valparaíso  |e author  |9 515298 
710 2 |a Secretaría regional de Planificación y Coordinación  |e author  |9 515299 
245 1 0 |a Memoria de Gestión 1995, V Región, Valparaíso 
250 |a 1a. ed 
300 |a 125 p 
942 |c BK 
945 |d 20070124 00:00:00  |a rinostro 
260 |a Valparaíso  |b Secretaría Regional de Planificación  |c 1996 
500 |a Fotografías en colores. Se ubica junto a colección Valparaíso 
600 0 7 |a FREI RUIZ-TAGLE, EDUARDO  |2 CL-VaPUC  |9 451784 
650 7 |a GOBIERNO REGIONAL  |2 CL-VaPUC  |9 356897 
650 7 |a PLANIFICACION  |2 CL-VaPUC  |9 260802 
650 0 |a Obras públicas  |9 261125 
650 0 |a Iconografía   |9 267998 
650 0 |a Ilustraciones  |9 369481 
650 0 |a Presidentes de Chile  |9 268293 
651 0 |a Quillota  |9 265145 
651 0 |a Petorca  |9 358986 
651 0 |a San Felipe  |9 265146 
651 0 |a Los Andes  |9 359419 
651 0 |a Valparaíso, Chile  |9 261144 
583 |a last modification  |c 20070124 00:00:00  |k Rodrigo Vera 
999 |c 323282  |d 323280 
952 |0 0  |1 0  |4 0  |6 983_000000000000000_GOB_1996  |7 0  |8 X  |9 402777  |a FDOBUD  |b FDOBUD  |d 2019-11-22  |i 1012452  |o 983 GOB 1996  |p 1012452  |r 2019-11-22  |w 2019-11-22  |y BK_X  |k BUD